01780cam a22003974i 4500003000900000005001700009008004100026035002000067040003300087100003700120245026300157264001000420300002200430336002100452337002500473338002300498502005900521504002400580520059600604526001001200526001001210526000901220526000901229526000901238526000901247526000901256526000901265526000901274526000801283526000801291526000801299526000801307526000801315650002601323700003301349PE-LiUPU20250731165411.0151022s1995 pe grm 000 0 spa d a(Sirsi) a155053 aPE-LiUPUbspacPE-LiUPUerda1 aYancachajlla Tito, Normaeauator1 aNivel de conocimiento que poseen las madres de familia con hijos menores de seis años de edad respecto a las vacunas: BCG, Antipolio, DPT y Antisarampionosa en los AA. HH. San Francisco, Las Colinas, El Inti y Villa La Era, 1995 /cNorma Yancachajlla Tito. 0c1995. a113 hojas c30 cm atext2rdacontent aunmediated2rdamedia avolume2rdacarrier aTesisb(Lic.) -- cUniversidad Peruana Unión,d1995. aIncluye referencias3 aLas enfermedades inmunoprevenibles (E.I.P): poliomielitis, la difteria, la tos convulsiva, el tétano, sarampión y la tuberculosis; constituyen todavía un significativo rubro de la morbimortalidad en nuestro país. En lugar de los antibióticos, hoy se promueven medidas destinadas a la inmunoprevención activa, pues en ello se induce a que el mismo organismo forme activamente sus mecanismos de defensa mediante la inoculación de microrganismos atenuados, los cuales se aplican para prevenir enfermedades infecciosas que afectan mas a los niños, en su crecimiento y desarrollo. aSEG44 aSEG26 aP151 aP150 aP149 aP146 aP145 aP126 aP125 aP92 aP75 aP74 aP27 aP1504aMadresxVacunación.1 aZenteno Guerra, Magdaeautor